000 00878nam a2200289Ia 4500
001 Para_2450
003 CHAP
008 220125s1988 xx 000 0 und d
010 _a200984
040 _cCHAP
082 _aPA 634.82 P4
100 _aPearson, Roger C.,ed
_9165836
245 _aCompendium of grape diseases /
_c ed. by Roger C. Pearson and Austin C, Goheen
260 _aSt. Paul, Minn. :
_b American Phytopathological Society
300 _a93 p.
440 _aThe disease compedium series
_9165817
650 _aUva
_x Enfermedades
_9117126
700 _aGoheen, Austin C, ed.
_9165837
710 _aAmerican Phytopatological Society. St. Paul, Minn
_9165838
901 _aPA 634.82 P4
902 _aM
905 _a0000001988 STPaf 0000000000 00
910 _a1988
942 _cPARA
942 _cPARA
_d1
999 _c200984
_d200984